| 000 | 01245nam a2200301 a 4500 | ||
|---|---|---|---|
| 001 | 3899076 | ||
| 003 | ARRUPE | ||
| 005 | 20170209144859.0 | ||
| 008 | 901120s1988 sw a b 000 0 eng d | ||
| 010 | _a 90218060 | ||
| 035 | _a(OCoLC)19113660 | ||
| 040 |
_aMiEM _cMiEM _dDLC |
||
| 042 | _alccopycat | ||
| 043 | _af-za--- | ||
| 050 | 0 | 0 | _aQ180.Z3H35 1988 |
| 100 | 0 |
_aHaile Lul Tebicke. _928726 |
|
| 245 | 1 | 0 |
_aResearch environment in Zambia : _ba study of the state and conditions of experimental research in the agricultural, engineering, life and physical sciences in Zambia / _cby Haile Lul Tebicke. |
| 260 |
_aStockholm : _bSAREC, _c1988. |
||
| 300 |
_axii, 56 p.; _bill. ; _c25 cm. |
||
| 440 | 0 |
_aSAREC documentation. _pResearch surveys, _x0283-5290 _928732 |
|
| 650 | 0 |
_aResearch _xGovernment policy _zZambia. _928733 |
|
| 650 | 0 |
_aAgriculture _xResearch _xGovernment policy _zZambia. _928734 |
|
| 650 | 0 |
_aEngineering _xResearch _xGovernment policy _zZambia. _928735 |
|
| 650 | 0 |
_aLife sciences _xResearch _xGovernment policy _zZambia. _928736 |
|
| 906 |
_a7 _bcbc _ccopycat _d3 _encip _f19 _gy-gencatlg |
||
| 942 |
_2lcc _cMONOGRAPH |
||
| 999 |
_c126084 _d126084 |
||